| 000 | 01055nam a22002175i 4500 | ||
|---|---|---|---|
| 001 | 162276 | ||
| 003 | ES-MaACL | ||
| 005 | 20250814031827.0 | ||
| 008 | 990624s1774 fr |||| | fre d | ||
| 040 |
_aCAM _bspa _cCAM |
||
| 100 | 1 |
_aPlinio Segundo, Cayo _992659 |
|
| 245 | 1 | 0 |
_aHistoire naturelle de Pline / _ctraduite en françois ... accompagnée de notes critiques pour l'éclaircissement du texte ...; tome septieme. |
| 260 |
_aA Paris : _bchez la veuve Desaint libraire ..., _c1774 ( _fDe l'imprimerie de Didot) |
||
| 300 |
_a[4], 699, [1] p. ; _c4º. |
||
| 596 | 1 | _aImp. tomado de colofón. | |
| 597 | 1 | _aSign.: []\p2\s, A-4S\p4\s, 4T\p2\s. | |
| 597 | 1 | _aAntep. | |
| 650 | 7 |
_aCiencias naturales _2embne _910984 |
|
| 852 |
_aES-MaACL _jR-1013-24 _z-- Enc. pasta española, con hierros dorados _z-- Sello : "Propriété des Trois" _z-- Sello : "S.D.S. Y. D.A." _x-- Edic.: añadir en T245 "... traduite en françois, avec le texte latin..." -- T594 Texto paralelo latín-francés _x Olim: G-7020-31 |
||
| 999 |
_c162276 _d162276 |
||